[Event "Tourn. n8270"]
[Site "www.chess-mail.com"]
[Date "2015.07.20"]
[Round "1"]
[White "Gene4267"]
[Black "Osopanda"]
[WhiteElo "2070"]
[BlackElo "2020"]
[Result "1-0"]
[Round "1"]
1.d4 Ng8f6
2.c4 g6
3.Ng1f3 Bf8g7
4.Nb1c3 d6
5.e4 O-O
6.Bf1e2 Nb8d7
7.O-O e5
8.Rf1e1 Rf8e8
9.Be2f1 exd4
10.Nf3xd4 Nd7c5
11.f3 a6
12.Bc1g5 h6
13.Bg5h4 g5
14.Bh4g3 Nf6h5
15.Bg3f2 Nh5f4
16.Qd1c2 Nf4e6
17.Nd4f5 Ne6f4
18.Nf5xg7 Kxg7
19.Ra1d1 Bc8e6
20.Bf2xc5 dxc5
21.Rd1xd8 Ra8xd8
22.Nc3d5 Nf4xd5
23.cxd5 Be6c8
24.Qc2xc5 c6
25.dxc6 bxc6
26.Qc5xc6 a5
27.Bf1b5 Bc8d7
28.Qc6c3 f6
29.Qc3c7 { resign }
1-0

[Event "Tourn. n8182"]
[Site "www.chess-mail.com"]
[Date "2015.07.20"]
[Round "1"]
[White "Sfalcao"]
[Black "Hrob71"]
[WhiteElo "1890"]
[BlackElo "2050"]
[Result "0-1"]
[Round "1"]
1.e4 e5
2.Ng1f3 Nb8c6
3.Bf1b5 Nc6d4
4.Nf3xd4 exd4
5.O-O c6
6.Bb5c4 Ng8f6
7.Rf1e1 d6
8.c3 Nf6g4
9.h3 Ng4e5
10.Bc4b3 d3
11.a4 Bf8e7
12.Nb1a3 O-O
13.Na3c4 Bc8e6
14.Nc4xe5 dxe5
15.Bb3a2 Be6xa2
16.Ra1xa2 Be7c5
17.b4 Bc5b6
18.Qd1f3 Qd8d7
19.a5 Bb6c7
20.h4 f5
21.Qf3h3 Ra8d8
22.Re1e3 Qd7f7
23.Ra2a3 fxe4
24.Qh3g3 Qf7f5
25.Ra3a1 Rd8d6
26.Ra1a2 Rd6g6
27.Qg3h2 Qf5xf2
28.Kh1 Rf8f4
29.g4 Qf2f1
30.Qh2g1 Rg6xg4
31.Qg1xf1 Rf4xf1
32.Kh2 Rf1xc1
33.h5 Rg4h4
34.Kg3 Rc1h1
35.Kg2 Rh1h2
36.Kg1 Rh2h3
37.Kg2 Rh3xe3
38.dxe3 Rh4xh5
39.Ra2a1 Rh5h6
40.Ra1d1 Rh6f6
{ resign }
0-1

[Event "Tourn. n8182"]
[Site "www.chess-mail.com"]
[Date "2015.07.20"]
[Round "1"]
[White "Attatroll"]
[Black "Julian"]
[WhiteElo "1920"]
[BlackElo "1960"]
[Result "1-0"]
[Round "1"]
1.e4 c5
2.Nb1c3 d6
3.g3 Nb8c6
4.Bf1g2 e6
5.d3 Ng8e7
6.Ng1f3 g6
7.O-O Bf8g7
8.Bc1g5 O-O
9.h4 h6
10.Bg5e3 f5
11.Qd1d2 Nc6d4
12.Be3xd4 cxd4
13.Nc3e2 fxe4
14.dxe4 e5
15.c3 dxc3
16.Ne2xc3 Bc8e6
17.Nc3d5 Ne7xd5
18.exd5 Be6g4
19.Ra1c1 Bg4xf3
20.Bg2h3 e4
21.Bh3e6 Kh7
22.Qd2e3 g5
{ time. }
1-0

[Event "Tourn. n8200"]
[Site "www.chess-mail.com"]
[Date "2015.07.20"]
[Round "1"]
[White "Anja"]
[Black "Hdr"]
[WhiteElo "1680"]
[BlackElo "1779"]
[Result "1-0"]
[Round "1"]
1.d4 d5
2.Ng1f3 Ng8f6
3.Bc1f4 c5
4.e3 Nb8c6
5.c3 Bc8g4
6.Bf1e2 e6
7.O-O cxd4
8.cxd4 Bf8d6
9.Nf3e5 Bg4xe2
10.Qd1xe2 Ra8c8
11.Nb1d2 Bd6xe5
12.dxe5 Nf6d7
13.Nd2f3 O-O
14.Ra1c1 Qd8b6
15.b3 Nd7c5
16.Nf3d4 { resign }
1-0

[Event "Tourn. n8200"]
[Site "www.chess-mail.com"]
[Date "2015.07.20"]
[Round "1"]
[White "Flick"]
[Black "Hdr"]
[WhiteElo "1600"]
[BlackElo "1779"]
[Result "0-1"]
[Round "1"]
1.d4 Ng8f6
2.c4 e6
3.g3 d5
4.Bf1g2 dxc4
5.Nb1c3 c5
6.Bc1g5 cxd4
7.Nc3e4 Qd8a5
8.Bg5d2 c3
9.bxc3 Nf6xe4
10.Bg2xe4 dxc3
11.Bd2e3 c2
12.Qd1d2 Bf8b4
13.Be4xc2 Nb8c6
14.Ng1f3 Nc6e5
15.O-O Ne5xf3
16.exf3 Bb4xd2
{ resign }
0-1

[Event "Tourn. n8193"]
[Site "www.chess-mail.com"]
[Date "2015.07.20"]
[Round "1"]
[White "Seger"]
[Black "Gorgo"]
[WhiteElo "2670"]
[BlackElo "2440"]
[Result "1-0"]
[Round "1"]
1.d4 Ng8f6
2.g3 d5
3.Ng1f3 c6
4.Bf1g2 Bc8f5
5.Nf3h4 Bf5e6
6.O-O g6
7.b3 Bf8g7
8.Bc1b2 O-O
9.Nb1d2 Qd8b6
10.Nh4f3 Rf8d8
11.c4 h6
12.Bb2a3 Rd8e8
13.e3 a5
14.h3 Nb8a6
15.Nf3e5 Na6b4
16.Ba3b2 Nf6d7
17.Ne5xd7 Be6xd7
18.a3 Nb4d3
19.Bb2c3 e5
20.dxe5 Bg7xe5
21.Bc3xe5  { time }
1-0

[Event "Tourn. n8193"]
[Site "www.chess-mail.com"]
[Date "2015.07.20"]
[Round "1"]
[White "Gorgo"]
[Black "Nimzo"]
[WhiteElo "2440"]
[BlackElo "2720"]
[Result "0-1"]
[Round "1"]
1.d4 Ng8f6
2.c4 e6
3.Ng1f3 b6
4.e3 Bc8b7
5.Nb1c3 d5
6.cxd5 exd5
7.Bf1b5 c6
8.Bb5d3 Nb8d7
9.O-O Bf8d6
10.Rf1e1 O-O
11.e4 dxe4
12.Nc3xe4 Nf6xe4
13.Re1xe4 Rf8e8
14.Bc1g5 Qd8c7
15.Re4h4 h6
16.Bg5xh6 gxh6
17.Rh4xh6 Bd6f4
18.Rh6h4 Qc7d6
19.Bd3c4 c5
20.dxc5 Nd7xc5
21.Nf3d4 Qd6g6
22.Qd1g4 Bf4g5
23.Rh4h5 Re8e4
24.Qg4xg5 Qg6xg5
25.Rh5xg5 Kf8
26.Rg5f5 Re4xd4
27.Ra1c1 Ra8d8
 { time }
0-1

[Event "Tourn. n8168"]
[Site "www.chess-mail.com"]
[Date "2015.07.20"]
[Round "1"]
[White "Osopanda"]
[Black "Generalfree"]
[WhiteElo "1990"]
[BlackElo "1930"]
[Result "1-0"]
[Round "1"]
1.c4 e5
2.Nb1c3 c6
3.e4 Bf8c5
4.d3 d6
5.Bc1e3 Bc5xe3
6.fxe3 h5
7.Bf1e2 g6
8.Ng1f3 f6
9.O-O g5
10.d4 Qd8b6
11.Qd1d2 h4
12.c5 dxc5
13.dxe5 Bc8g4
14.exf6 Bg4xf3
15.Be2xf3 Ng8xf6
16.Ra1d1 g4
17.Bf3e2 Nb8d7
18.Qd2d6 Qb6xb2
19.Rf1xf6 Nd7xf6
20.Qd6xf6 Rh8f8
21.Qf6e6 { resign }
1-0

[Event "Tourn. n8232"]
[Site "www.chess-mail.com"]
[Date "2015.07.20"]
[Round "1"]
[White "Julianlore"]
[Black "Difficult"]
[WhiteElo "2160"]
[BlackElo "2070"]
[Result "1-0"]
[Round "1"]
1.e4 e5
2.Ng1f3 Nb8c6
3.Bf1b5 a6
4.Bb5a4 Ng8f6
5.O-O Bf8e7
6.Rf1e1 b5
7.Ba4b3 O-O
8.a4 Bc8b7
9.d3 d6
10.Nb1d2  { time }
1-0

[Event "Tourn. n8131"]
[Site "www.chess-mail.com"]
[Date "2015.07.20"]
[Round "1"]
[White "Pipas"]
[Black "Knightjumper"]
[WhiteElo "1620"]
[BlackElo "1750"]
[Result "1-0"]
[Round "1"]
1.e4 c5
2.d4 cxd4
3.Qd1xd4 Nb8c6
4.Qd4d1 d6
5.Bf1b5 Bc8d7
6.Bb5xc6 Bd7xc6
7.Bc1g5 h6
8.Bg5e3 Bc6xe4
9.Nb1c3 Be4c6
10.Ng1e2 Ng8f6
11.h3 e6
12.O-O Bf8e7
13.Ne2f4 d5
14.Nf4e2 e5
15.Ne2g3 d4
16.Nc3e2 dxe3
17.fxe3 Qd8c7
18.Ne2c3 Ra8d8
19.Qd1e2 O-O
20.Ng3f5 Rf8e8
21.e4 Be7c5
22.Kh1 Re8e6
23.Qe2f3 Bc5f8
24.Qf3g3 Kh8
25.Qg3e1 g6
26.Nf5h4 Bf8g7
27.Rf1f3 b5
28.Rf3g3 Kh7
29.Nh4f3 b4
30.Nc3e2 Nf6xe4
31.a3 bxa3
32.Ra1xa3 Ne4xg3
33.Qe1xg3 Bc6xf3
34.Qg3xf3 Re6f6
35.Qf3e4 Rd8d4
36.Qe4e3 Rf6f1
37.Kh2 e4
38.g3 Rd4d1
39.h4 Rf1h1
40.Kg2 Qc7d7
41.Ne2f4 Rh1e1
42.Nf4e2 Re1h1
43.Ne2f4  { time }
1-0

[Event "Tourn. n8162"]
[Site "www.chess-mail.com"]
[Date "2015.07.20"]
[Round "1"]
[White "Falcoale"]
[Black "Battlejanson"]
[WhiteElo "1890"]
[BlackElo "1689"]
[Result "0-1"]
[Round "1"]
1.e4 c5
2.Ng1f3 d6
3.d4 cxd4
4.Nf3xd4 Ng8f6
5.Nb1c3 g6
6.Bf1d3 Bf8g7
7.O-O Nb8d7
8.h3 a6
9.Bc1e3 Nd7c5
10.Ra1b1 b5
11.Nc3d5 Nf6xe4
12.Nd5f4 e5
13.Nd4c6 Qd8c7
14.Nc6b4 exf4
15.Be3xf4 Bc8b7
16.Rf1e1 O-O
17.Bd3xe4 Nc5xe4
18.Nb4d5 Bb7xd5
19.Qd1xd5 Ne4f6
20.Qd5xd6 Qc7xd6
21.Bf4xd6 Rf8e8
22.Bd6b4 Nf6d5
23.Bb4a5 Re8xe1
24.Ba5xe1 Ra8c8
25.c3 Nd5b6
26.Be1d2 Nb6c4
27.Bd2f4 h6
28.b3 Nc4a3
29.Rb1c1 Rc8xc3
30.Bf4xh6 Rc3xc1
31.Bh6xc1 Na3c2
32.Kf1 Nc2b4
33.a3 Nb4d3
34.Bc1e3 Kf8
35.a4 bxa4
36.bxa4 Nd3b2
37.a5 Bg7c3
38.Be3b6 Nb2c4
39.Ke2 Bc3xa5
40.Bb6xa5 Nc4xa5
41.Kd3 Na5c6
42.Kc4 a5
43.Kb5 Ke7
44.g4 Kf6
45.f3 Kg5
46.Ka4 Kh4
{ resign }
0-1

[Event "Tourn. n8190"]
[Site "www.chess-mail.com"]
[Date "2015.07.20"]
[Round "1"]
[White "Gorgo"]
[Black "Krystek23"]
[WhiteElo "2400"]
[BlackElo "2320"]
[Result "0-1"]
[Round "1"]
1.d4 Nb8c6
2.Ng1f3 e6
3.e4 d6
4.Nb1c3 h6
5.d5 Nc6e7
6.Bf1c4 e5
7.O-O a6
8.a4 Ne7g6
9.a5 Bf8e7
10.Bc1e3 Ng8f6
11.h3 Nf6h7
12.Nc3e2 Be7g5
13.Nf3xg5 hxg5
14.f3 Nh7f8
15.Rf1f2 Ng6f4
16.Qd1d2 Qd8d7
17.Ne2g3 Nf4xh3
18.gxh3 Qd7xh3
19.Rf2g2 g4
20.Qd2f2 gxf3
21.Rg2h2 Qh3xh2
22.Qf2xh2 Rh8xh2
23.Kxh2 g6
24.Bc4d3 Nf8h7
25.Ra1h1 Kf8
26.Kg1 Kg7
27.Kf2 Bc8g4
28.b4 Ra8h8
29.c4 Rh8e8
30.c5 Re8h8
31.Be3h6 Kf6
32.Ng3f1 Rh8b8
33.Nf1e3 Bg4h5
34.Rh1b1 g5
35.b5 axb5
36.Rb1xb5 Rb8a8
 { time }
0-1

[Event "Tourn. n8190"]
[Site "www.chess-mail.com"]
[Date "2015.07.20"]
[Round "1"]
[White "Gorgo"]
[Black "T9l9"]
[WhiteElo "2400"]
[BlackElo "2340"]
[Result "1-0"]
[Round "1"]
1.e4 c5
2.Ng1f3 Nb8c6
3.d4 cxd4
4.Nf3xd4 Ng8f6
5.Nb1c3 d6
6.Bc1g5 e6
7.Qd1d2 a6
8.O-O-O Bc8d7
9.f4 Bf8e7
10.Nd4f3 b5
11.e5 b4
12.exf6 bxc3
13.Qd2xc3 gxf6
14.Bg5h4 d5
15.Kb1 O-O
16.Bf1e2 Nc6a5
17.Nf3d4 Kh8
18.Nd4f5 exf5
19.Rd1xd5 Na5c6
20.Rh1d1 Ra8a7
21.Bh4f2 { resign }
1-0

[Event "Tourn. n8258"]
[Site "www.chess-mail.com"]
[Date "2015.07.20"]
[Round "1"]
[White "Derfel83"]
[Black "Andreachess"]
[WhiteElo "1890"]
[BlackElo "1980"]
[Result "1-0"]
[Round "1"]
1.e4 c5
2.Nb1c3 Nb8c6
3.Bf1c4 e6
4.Ng1f3 Ng8f6
5.e5 Nf6g4
6.Qd1e2 d5
7.exd6 Bf8xd6
8.d3 O-O
9.Bc1g5 f6
10.Bg5h4 Nc6d4
11.Nf3xd4 cxd4
12.Bc4xe6 Bc8xe6
13.Qe2xe6 Kh8
14.Qe6xg4 dxc3
15.bxc3 Ra8c8
16.Qg4d4 Qd8e7
17.Kd2 Bd6e5
18.Qd4e3 Be5f4
19.Qe3xf4 g5
20.Bh4xg5 fxg5
21.Qf4d4 Kg8
22.Ra1e1 Qe7a3
23.Re1e5 h6
24.f3 Rf8d8
25.Qd4b4 Qa3xa2
26.Qb4xb7 Rc8b8
27.Qb7e4 Qa2f7
28.Rh1e1 Rd8d7
29.Re5f5 Qf7g7
30.Qe4e5 Qg7h7
31.Qe5xb8 { resign }
1-0

[Event "Tourn. n8114"]
[Site "www.chess-mail.com"]
[Date "2015.07.20"]
[Round "1"]
[White "Dominiquer"]
[Black "Servant"]
[WhiteElo "1740"]
[BlackElo "1640"]
[Result "1-0"]
[Round "1"]
1.e4 c5
2.c3 d6
3.d4 cxd4
4.cxd4 Ng8f6
5.Nb1c3 g6
6.Ng1f3 Bf8g7
7.Bc1f4 O-O
8.Qd1d2 a6
9.Bf1c4 b5
10.Bc4d5 Nf6xd5
11.Nc3xd5 Bc8b7
12.Nd5c3 Nb8d7
13.O-O Nd7b6
14.Nf3g5 Nb6c4
15.Qd2c1 Ra8c8
16.Ng5f3 b4
17.Nc3e2 Nc4e5
18.Qc1e3 Ne5xf3
19.Qe3xf3 f5
20.Qf3e3 Bb7xe4
21.Bf4h6 a5
22.Bh6xg7 Kxg7
23.Ne2f4 Qd8d7
24.d5 Kg8
25.Nf4e6 Rf8f6
26.Qe3h6 Rf6f7
27.Rf1d1 a4
28.Rd1d4 Rc8b8
29.f3 Be4c2
30.Rd4h4 b3
31.Ne6g5 Rf7g7
32.axb3 Bc2xb3
33.Ng5xh7 Kf7
34.g4 Bb3xd5
35.Nh7g5 Kf6
36.Ng5h3 Rb8g8
37.Qh6g5  { time }
1-0

[Event "Tourn. n8172"]
[Site "www.chess-mail.com"]
[Date "2015.07.20"]
[Round "1"]
[White "Cardiff"]
[Black "Umzi"]
[WhiteElo "2040"]
[BlackElo "2110"]
[Result "0-1"]
[Round "1"]
1.e4 d5
2.exd5 Qd8xd5
3.d4 Nb8c6
4.Ng1f3 Bc8g4
5.Bf1e2 O-O-O
6.c4 Qd5e4
7.Nb1c3 Qe4f5
8.d5 Bg4xf3
9.Be2xf3 Nc6e5
10.Bf3e4 Qf5f6
11.Qd1a4 a6
12.O-O e6
13.dxe6 fxe6
14.Qa4b3 b6
15.Qb3a4 a5
16.Qa4b5 Bf8c5
17.a3 a4
18.Qb5a6 Kd7
19.Rf1d1 Ke7
20.Rd1f1 Kf7
21.Bc1e3 Ng8e7
22.Be3xc5 bxc5
23.Qa6xa4 Qf6h4
24.g3 Qh4h5
25.Be4g2 Ne5f3
26.Bg2xf3 Qh5xf3
27.Ra1d1 Ne7f5
28.Rd1xd8 Rh8xd8
29.Qa4a7 Rd8d7
30.Nc3b5 Nf5h4
31.gxh4 Qf3g4
 { time }
0-1

[Event "Tourn. n8173"]
[Site "www.chess-mail.com"]
[Date "2015.07.20"]
[Round "1"]
[White "4knights"]
[Black "Knightjumper"]
[WhiteElo "1850"]
[BlackElo "1810"]
[Result "1-0"]
[Round "1"]
1.d4 d5
2.c4 e6
3.Ng1f3 Ng8f6
4.Bc1g5 Bf8b4
5.Nb1c3 Bb4xc3
6.bxc3 c6
7.e3 Qd8a5
8.Qd1b3 Nf6e4
9.Ra1c1 Ne4xg5
10.Nf3xg5 dxc4
11.Bf1xc4 Qa5xg5
12.O-O O-O
13.Qb3c2 Nb8d7
14.f4 Qg5g6
15.Bc4d3 f5
16.Rf1f3 Nd7f6
17.Rf3g3 Qg6f7
18.c4 Bc8d7
19.e4 Nf6xe4
20.Bd3xe4 fxe4
21.Qc2xe4 Qf7f5
{ time. }
1-0

[Event "Tourn. n8306"]
[Site "www.chess-mail.com"]
[Date "2015.07.20"]
[Round "1"]
[White "Xkafi"]
[Black "Bojan"]
[WhiteElo "1960"]
[BlackElo "1890"]
[Result "1-0"]
[Round "1"]
1.Ng1f3 Ng8f6
2.d4 g6
3.Bc1g5 Bf8g7
4.e3 h6
5.Bg5h4 g5
6.Bh4g3 Nf6e4
7.Bf1c4 d5
8.Bc4b3 Nb8c6
9.a3 Nc6a5
10.Bb3a2 Ne4xg3
11.hxg3 e6
12.Nf3e5 Qd8d6
13.f4 f6
14.Qd1h5 Kd8
15.Ne5f7 Kd7
16.Nf7xd6 Kxd6
17.Nb1c3 Bc8d7
18.b4 Na5c6
19.Qh5f7 Ra8g8
20.Nc3b5 { resign }
1-0

[Event "Tourn. n8254"]
[Site "www.chess-mail.com"]
[Date "2015.07.20"]
[Round "1"]
[White "Boyc"]
[Black "Ruko"]
[WhiteElo "1669"]
[BlackElo "1680"]
[Result "0-1"]
[Round "1"]
1.d4 Ng8f6
2.c4 e6
3.Ng1f3 d5
4.Nb1c3 c5
5.e3 Nb8c6
6.a3 Bf8d6
7.dxc5 Bd6xc5
8.b4 Bc5d6
9.Bc1b2 O-O
10.Qd1c2 Bc8d7
11.Ra1d1 Qd8c7
12.c5 Bd6e7
13.Bf1d3 h6
14.O-O a6
15.Rf1e1 Ra8c8
16.Nc3a4 e5
17.Na4b6 Rc8d8
18.Qc2c3 Rf8e8
19.Nf3xe5 Nc6xe5
20.Qc3xe5 Qc7xe5
 { time }
0-1

[Event "Tourn. n8257"]
[Site "www.chess-mail.com"]
[Date "2015.07.20"]
[Round "1"]
[White "Guidom"]
[Black "Samael"]
[WhiteElo "2070"]
[BlackElo "2160"]
[Result "1-0"]
[Round "1"]
1.e4 e5
2.Ng1f3 d6
3.Bf1c4 h6
4.O-O Ng8f6
5.d3 Bf8e7
6.c3 O-O
7.Bc1e3 Nb8c6
8.b4 a6
9.Nb1d2 Bc8d7
10.a4 Nc6a7
11.d4 exd4
12.Be3xd4 c5
13.Bd4e3 cxb4
14.cxb4 b5
15.axb5 Na7xb5
16.Nd2b3 Nf6xe4
17.Qd1c2 Ne4f6
18.Rf1d1 Ra8c8
19.Qc2e2 Nb5c3
20.Qe2d3 Nc3xd1
21.Ra1xd1 Rc8b8
22.Be3d2 Bd7b5
23.Bc4xb5  { time }
1-0

[Event "Tourn. n8257"]
[Site "www.chess-mail.com"]
[Date "2015.07.20"]
[Round "1"]
[White "Samael"]
[Black "Averoes"]
[WhiteElo "2160"]
[BlackElo "2180"]
[Result "0-1"]
[Round "1"]
1.e4 c5
2.d3 Nb8c6
3.Ng1f3 g6
4.Nb1c3 Bf8g7
5.Bc1d2 e6
6.Bf1e2 Ng8e7
7.O-O O-O
8.Qd1c1 f5
9.Bd2h6 d5
10.Bh6xg7 Kxg7
11.a3 d4
12.Nc3a2 e5
13.c3 Bc8e6
14.cxd4 cxd4
15.Nf3d2 h5
16.f3 f4
 { time }
0-1

[Event "Tourn. n8197"]
[Site "www.chess-mail.com"]
[Date "2015.07.20"]
[Round "1"]
[White "Samael"]
[Black "Bobjones"]
[WhiteElo "2080"]
[BlackElo "2220"]
[Result "0-1"]
[Round "1"]
1.Ng1f3 c5
2.c4 Ng8f6
3.Nb1c3 g6
4.d3 Bf8g7
5.e3 d6
6.Bf1e2 O-O
7.O-O b6
8.h3 Bc8b7
9.Bc1d2 Nb8d7
10.Ra1b1 d5
11.Nc3xd5 Nf6xd5
12.cxd5 Bb7xd5
13.b3 e5
14.e4 Bd5b7
15.Qd1c1 Nd7b8
16.Bd2h6 Nb8c6
17.Bh6xg7 Kxg7
18.Qc1b2 Qd8e7
19.Nf3d2 Kg8
20.f4 Nc6d4
21.Be2d1 exf4
22.Rf1xf4 Qe7e5
23.Rf4f2 Bb7a6
24.Nd2c4 Ba6xc4
 { time }
0-1

[Event "Tourn. n8120"]
[Site "www.chess-mail.com"]
[Date "2015.07.20"]
[Round "1"]
[White "Neverless"]
[Black "Stepanpech"]
[WhiteElo "2680"]
[BlackElo "2460"]
[Result "1-0"]
[Round "1"]
1.e4 e5
2.Ng1f3 Nb8c6
3.Bf1b5 Ng8f6
4.O-O Nf6xe4
5.d4 Ne4d6
6.Bb5xc6 dxc6
7.dxe5 Nd6f5
8.Qd1xd8 Kxd8
9.Nb1c3 Ke8
10.h3 Bf8e7
11.Bc1g5 Be7xg5
12.Nf3xg5 h6
13.Ng5e4 b6
14.Rf1d1 Ke7
15.a4 a5
16.f4 Bc8b7
17.Kf2 Ra8d8
18.g4 Nf5d4
19.Ne4g3 g6
20.Rd1d2 Nd4e6
21.Rd2xd8 Rh8xd8
22.Ke3 Ne6d4
23.Ra1c1 f6
24.exf6 Kxf6
25.Nc3e4 Kf7
26.h4 c5
27.h5 gxh5
28.Ng3xh5 Rd8e8
29.Nh5f6 Re8e6
30.c3 Nd4c6
31.Rc1d1 Re6xf6
32.Ne4xf6 Kxf6
33.Rd1d7 Nc6e7
34.c4 Bb7c8
35.g5 Ke6
36.Rd7xc7 h5
37.Rc7a7 h4
38.Kf2 Kd6
39.b3 Bc8d7
{ time. }
1-0

[Event "Tourn. n8163"]
[Site "www.chess-mail.com"]
[Date "2015.07.20"]
[Round "1"]
[White "Hundegana"]
[Black "Panham"]
[WhiteElo "1960"]
[BlackElo "2020"]
[Result "0-1"]
[Round "1"]
1.e4 c6
2.c4 d5
3.cxd5 cxd5
4.e5 Bc8f5
5.d4 a6
6.Nb1c3 e6
7.a3 Ng8e7
8.h3 Ne7c6
9.Ng1f3 Bf8e7
10.Bf1d3 Bf5xd3
11.Qd1xd3 Nb8d7
12.Bc1e3 O-O
13.O-O Ra8c8
14.Ra1c1 Nd7b6
15.Nf3d2 Nc6a5
16.f4 Na5c4
17.Nd2xc4 Nb6xc4
18.Rc1c2 Rc8c6
19.Be3c1 b5
20.g3 Qd8b6
21.b3 Nc4a5
22.Rf1f2 Rf8c8
23.b4 Na5c4
24.Kh2 Qb6c7
25.Nc3d1 Qc7a7
26.Nd1e3 Nc4xe3
27.Bc1xe3 Qa7c7
28.Rc2xc6 Qc7xc6
29.h4 Qc6c3
30.Rf2d2 Qc3a1
31.Rd2d1 Qa1b2
32.Rd1d2 Rc8c3
33.Rd2xb2 Rc3xd3
34.Be3f2 Rd3xa3
35.Kg2 h5
36.Kf1 Ra3c3
37.Ke2 Kh7
38.Kd2 Rc3c4
39.Kd3 Be7xb4
40.Rb2a2 Rc4c3
41.Ke2 Rc3a3
42.Ra2c2 Bb4c3
43.Bf2e3 Ra3b3
44.Kf3 Bc3xd4
45.Rc2e2 Rb3xe3
46.Re2xe3 Bd4xe3
47.Kxe3 Kg6
48.Ke2 Kf5
49.Kf3 b4
50.Ke3 b3
51.Kd3 Kg4
52.Kc3 Kxg3
53.Kxb3 Kxf4
{ resign }
0-1

[Event "Tourn. n8163"]
[Site "www.chess-mail.com"]
[Date "2015.07.20"]
[Round "1"]
[White "Francesco"]
[Black "Panham"]
[WhiteElo "2070"]
[BlackElo "2020"]
[Result "0-1"]
[Round "1"]
1.e4 c6
2.d4 d5
3.Nb1c3 dxe4
4.Nc3xe4 Nb8d7
5.Ng1f3 Ng8f6
6.Ne4g3 Nf6d5
7.c4 Nd5b6
8.b3 Nd7f6
9.Bc1g5 e6
10.Bf1d3 Bf8e7
11.O-O O-O
12.Rf1e1 Qd8c7
13.Qd1c2 h6
14.Bg5d2 Nb6d7
15.h3 Rf8e8
16.Re1e2 c5
17.Ra1e1 cxd4
18.Nf3xd4 a6
19.Nd4f5 Nd7f8
20.Nf5xe7 Re8xe7
21.Ng3f5 Re7e8
22.Qc2c1 exf5
23.Re2xe8 Nf6xe8
24.Re1xe8 Qc7c6
25.Re8e1 Bc8e6
26.Qc1c2 Qc6d7
27.Bd2c1 Ra8d8
28.Bd3f1 Qd7c7
29.Bc1b2 Qc7d6
30.Qc2c3 f6
31.Bf1e2 Qd6d2
32.Kf1 Qd2xc3
33.Bb2xc3 Be6f7
34.Be2f3 Rd8d3
35.Re1e3 Rd3d7
36.Bc3b4 Nf8g6
37.Bf3d1 Rd7xd1
38.Re3e1 Rd1xe1
39.Kxe1 Ng6f4
{ resign }
0-1

[Event "Tourn. n8180"]
[Site "www.chess-mail.com"]
[Date "2015.07.20"]
[Round "1"]
[White "Anja"]
[Black "Julianlore"]
[WhiteElo "1640"]
[BlackElo "1499"]
[Result "0-1"]
[Round "1"]
1.d4 Ng8f6
2.Ng1f3 e6
3.Bc1f4 d5
4.e3 c5
5.c3 Nb8c6
6.Nb1d2 Bf8d6
7.Bf4g3 O-O
8.Ra1c1 b6
9.Bf1b5 Bc8b7
10.O-O Bd6xg3
11.fxg3 Ra8c8
12.Qd1e2 Qd8e7
13.e4 dxe4
14.Nd2xe4 Nf6xe4
15.Qe2xe4 Nc6xd4
16.Qe4d3 Nd4xf3
17.gxf3 c4
18.Qd3e3 Rc8c5
19.Bb5a4 Rc5a5
20.Ba4c2 Ra5xa2
21.Rc1b1 Rf8d8
22.Bc2e4 Bb7xe4
23.Qe3xe4 Qe7c5
24.Kh1 g6
25.Rf1e1 Rd8d2
26.Re1e2 Rd2xe2
27.Qe4xe2 a5
28.Qe2d2 a4
29.Kg2 a3
30.Qd2d8 Kg7
31.Qd8d2 Qc5f5
32.Qd2d4 e5
33.Qd4d1 Qf5xb1
34.Qd1xb1 Ra2xb2
35.Qb1xb2 axb2
36.Kh3 b1Q
37.Kh4 Qb1f5
38.g4 Qf5xf3
39.h3 Qf3f2
 { time }
0-1

[Event "Tourn. n8129"]
[Site "www.chess-mail.com"]
[Date "2015.07.20"]
[Round "1"]
[White "Tyty56"]
[Black "Seger"]
[WhiteElo "2530"]
[BlackElo "2690"]
[Result "0-1"]
[Round "1"]
1.e4 e6
2.d4 c5
3.d5 exd5
4.exd5 d6
5.c4 b5
6.cxb5 Ng8f6
7.Nb1c3 Bf8e7
8.Bf1d3 Nb8d7
9.Ng1e2 O-O
10.O-O Rf8e8
11.h3 Bc8b7
12.Ne2f4 g6
13.a4 Nd7e5
14.Bd3b1 a6
15.h4 Be7f8
16.h5 Bb7c8
17.hxg6 hxg6
18.f3 axb5
19.Nc3xb5 Bc8d7
20.Nb5c3 Bf8g7
21.Nf4d3 Ne5xd3
22.Bb1xd3 Nf6h5
23.Nc3e2 Re8xe2
24.Qd1xe2 Bg7d4
25.Bc1e3 Nh5f4
26.Qe2d2 Bd4xe3
{ resign }
0-1

[Event "Tourn. n8089"]
[Site "www.chess-mail.com"]
[Date "2015.07.20"]
[Round "1"]
[White "Cobraxx7"]
[Black "E4player"]
[WhiteElo "2690"]
[BlackElo "2410"]
[Result "0-1"]
[Round "1"]
1.c4 c5
2.Ng1f3 Ng8f6
3.d4 cxd4
4.Nf3xd4 e6
5.Nb1c3 Bf8b4
6.g3 O-O
7.Bf1g2 d5
8.O-O dxc4
9.Nd4b5 Qd8a5
10.Bc1f4 e5
11.Bf4g5 Nb8c6
12.Qd1c1 Bb4e7
13.Rf1d1 Bc8e6
14.Nb5d6 Nc6d4
15.Bg5xf6 Be7xf6
16.Nd6e4 Bf6e7
17.e3 Nd4c6
18.Nc3d5 Ra8d8
19.Nd5xe7 Nc6xe7
20.Rd1xd8 Rf8xd8
21.Ne4g5 Qa5c7
22.Ng5xe6 fxe6
23.Qc1c2 Ne7d5
24.a4 Rd8d6
25.Ra1c1 Rd6c6
26.Qc2d1 Rc6c5
27.Bg2h3 Qc7e7
28.Qd1g4 c3
29.Qg4xe6 Qe7xe6
30.Bh3xe6 Kf8
31.Be6xd5 cxb2
32.Rc1xc5 b1Q
33.Kg2 Qb1d1
34.a5 b6
35.Rc5c8 Ke7
36.Rc8c7 Kd6
37.Bd5f3 Qd1a4
38.axb6 axb6
 { time }
0-1

[Event "Tourn. n8258"]
[Site "www.chess-mail.com"]
[Date "2015.07.20"]
[Round "1"]
[White "Pellix84"]
[Black "Julian"]
[WhiteElo "1930"]
[BlackElo "1920"]
[Result "0-1"]
[Round "1"]
1.c4 Ng8f6
2.Nb1c3 g6
3.Ng1f3 Bf8g7
4.g3 c6
5.Bf1g2 O-O
6.O-O d5
7.d4 Nb8d7
8.Nf3e5 Nd7xe5
9.dxe5 Nf6d7
10.cxd5 Nd7xe5
11.e4 cxd5
12.exd5 Qd8b6
13.Qd1c2 Bc8f5
14.Qc2a4 Ne5d3
15.b3 Bg7xc3
{ resign }
0-1

[Event "Tourn. n8164"]
[Site "www.chess-mail.com"]
[Date "2015.07.20"]
[Round "1"]
[White "Generalfree"]
[Black "Osopanda"]
[WhiteElo "1800"]
[BlackElo "2010"]
[Result "0-1"]
[Round "1"]
1.e4 c5
2.f4 d6
3.Bf1b5 Bc8d7
4.Bb5xd7 Qd8xd7
5.h3 Nb8c6
6.c3 e6
7.Ng1f3 Ng8e7
8.d4 cxd4
9.Nf3xd4 g6
10.Bc1e3 Bf8g7
11.Nb1a3 O-O
12.Na3c2 Nc6xd4
13.Nc2xd4 a6
14.g4 f5
15.gxf5 gxf5
16.exf5 exf5
17.Rh1g1 Ne7g6
18.Qd1c2 Ra8e8
19.Kd2 Re8e4
20.Rg1f1 Rf8e8
21.Ra1e1 b5
22.Qc2b3 d5
23.Rf1g1 Kf7
24.Rg1g5 Bg7f6
25.Rg5xf5 Re4xd4
26.Be3xd4 Qd7xf5
27.Bd4xf6 Re8xe1
28.Kxe1 Kxf6
29.c4 dxc4
30.Qb3c3 Ng6e5
31.fxe5 Qf5xe5
32.Qc3xe5 Kxe5
33.Ke2 Kf4
{ resign }
0-1

[Event "Tourn. n8288"]
[Site "www.chess-mail.com"]
[Date "2015.07.20"]
[Round "1"]
[White "A27l"]
[Black "Gatrooper"]
[WhiteElo "1130"]
[BlackElo "1200"]
[Result "0-1"]
[Round "1"]
1.e4 e5
2.Ng1f3 Nb8c6
3.d3 Ng8f6
4.g3 h6
5.Bf1g2 a6
6.O-O d6
7.c3 Nf6g4
8.h3 Ng4f6
9.g4 { time. }
0-1

[Event "Tourn. n8197"]
[Site "www.chess-mail.com"]
[Date "2015.07.20"]
[Round "1"]
[White "Samael"]
[Black "Guidom"]
[WhiteElo "2080"]
[BlackElo "2060"]
[Result "0-1"]
[Round "1"]
1.e4 e5
2.d3 Bf8c5
3.h3 d6
4.Ng1f3 Nb8c6
5.Nb1c3 Ng8f6
6.Bf1e2 O-O
7.O-O Bc8e6
8.Rf1e1 Qd8d7
9.Be2f1 Ra8d8
10.Nf3g5 h6
11.Ng5xe6 Qd7xe6
12.Nc3a4 Bc5b6
13.Na4xb6 axb6
14.a3 Nc6d4
15.Bc1e3 c5
16.Be3xd4 exd4
17.Bf1e2 Rf8e8
18.Qd1d2 b5
19.f4 d5
20.e5 Nf6d7
21.Be2g4 Qe6c6
22.Bg4xd7 Rd8xd7
23.Ra1c1 b6
24.c3 dxc3
25.Qd2xc3 d4
26.Qc3d2 Qc6d5
27.Re1e2 Re8e6
28.Rc1e1 Rd7e7
29.g3 Qd5f3
30.Re2g2 Re6g6
31.Re1f1 Qf3d5
32.Qd2f2 f5
33.Qf2f3 Qd5xf3
34.Rf1xf3 Rg6c6
35.Kf1 c4
36.Rg2c2 Re7c7
37.Ke1 c3
38.bxc3 Rc6xc3
39.Rc2a2 Kf7
40.Kd2 Ke6
41.Rf3f1 Kd5
 { time }
0-1

[Event "Tourn. n8181"]
[Site "www.chess-mail.com"]
[Date "2015.07.20"]
[Round "1"]
[White "Maxlou"]
[Black "Falcoale"]
[WhiteElo "1720"]
[BlackElo "1830"]
[Result "0-1"]
[Round "1"]
1.d4 Ng8f6
2.Ng1f3 b6
3.Bc1f4 Bc8b7
4.Nb1d2 e6
5.e3 h6
6.Bf1d3 Nf6d5
7.Bf4g3 c5
8.O-O Bf8e7
9.Nd2e4 O-O
10.Ne4d6 Be7xd6
11.Bg3xd6 Rf8e8
12.dxc5 bxc5
13.e4 Nd5f6
14.e5 Nf6d5
15.Bd6xc5 Nd5f4
16.b4 Nf4xd3
 { time }
0-1

[Event "Tourn. n8171"]
[Site "www.chess-mail.com"]
[Date "2015.07.20"]
[Round "1"]
[White "Numanoid"]
[Black "Jaroslavpech"]
[WhiteElo "2580"]
[BlackElo "2390"]
[Result "1-0"]
[Round "1"]
1.e4 c6
2.d4 d5
3.exd5 cxd5
4.c4 Ng8f6
5.Nb1c3 e6
6.Ng1f3 Bf8e7
7.Bf1d3 dxc4
8.Bd3xc4 O-O
9.O-O Nb8c6
10.a3 b6
11.Rf1e1 { time. }
1-0

[Event "Tourn. n8249"]
[Site "www.chess-mail.com"]
[Date "2015.07.20"]
[Round "1"]
[White "Amaya"]
[Black "Ochoreales"]
[WhiteElo "1920"]
[BlackElo "2050"]
[Result "0-1"]
[Round "1"]
1.d4 Ng8f6
2.e3 g6
3.Bf1d3 Bf8g7
4.Nb1d2 O-O
5.f4 d6
6.Ng1f3 Nb8c6
7.c3 e5
8.fxe5 dxe5
9.Nd2e4 exd4
10.exd4 Nf6xe4
11.Bd3xe4 Rf8e8
12.Nf3d2 Qd8h4
13.g3 Re8xe4
14.Kf2 Bg7xd4
15.cxd4 Qh4f6
16.Kg2 Re4xd4
17.Qd1e2 Bc8g4
18.Nd2f3 Nc6e5
19.Nf3xd4 Bg4xe2
{ resign }
0-1

[Event "Tourn. n8173"]
[Site "www.chess-mail.com"]
[Date "2015.07.20"]
[Round "1"]
[White "Osopanda"]
[Black "Oxycontin"]
[WhiteElo "1990"]
[BlackElo "2100"]
[Result "1/2-1/2"]
[Round "1"]
1.c4 e5
2.Nb1c3 Nb8c6
3.g3 g6
4.Bf1g2 d6
5.e4 Bf8g7
6.d3 Ng8f6
7.Ng1e2 O-O
8.O-O Bc8g4
9.f3 Bg4e6
10.Bc1e3 a6
11.Qd1d2 Nc6e7
12.Ra1d1 c6
13.b3 d5
14.cxd5 cxd5
15.exd5 Nf6xd5
16.Nc3xd5 Ne7xd5
17.Be3f2 Ra8c8
{ draw }
1/2-1/2